00927cam a22002771 45000010008000000030008000080050017000160080041000330100017000740150015000910350018001060400040001240420012001640500018001760820017001941000017002112450049002282600048002773000033003255040037003586510031003959060045004269420012004719990017004839520149005008459956BD-DhUL20160512112552.0720125s1965 enk b 000 0 eng  a 65006197  aGB65-13651 a(OCoLC)228283 aDLCcODaWUdOCoLCdUkdDLCdBD-DhUL apremarc00aHC462.9b.A68 a338.952bALJ1 aAllen, G. C.10aJapan's economic expansion /cby G.C. Allen. aNew York :bOxford University Press,c1965. axi, 296 p. :bill. ;c22 cm. aincludes bibliography and index. 0aJapanxEconomic conditions a7bcbccoclcrplduencipf19gy-gencatlg 2ddccBK c63913d63913 00102ddc406338_952000000000000_ALJ708NFIC9108520aDULbDULcGENd1968-11-20epurchasedo338.952 ALJpA53043r2016-05-12t1w2016-05-12yBK